Who needs credit?: poverty and finance in Bangladesh (Record no. 385757)

000 -LEADER
fixed length control field 00509cam a22001577a 4500
008 - FIXED-LENGTH DATA ELEMENTS--GENERAL INFORMATION
fixed length control field 180718b1997 xxu||||| |||| 00| 0 eng d
020 ## - INTERNATIONAL STANDARD BOOK NUMBER
International Standard Book Number 9840513818
082 ## - DEWEY DECIMAL CLASSIFICATION NUMBER
Classification number Q31x5471 W85
245 ## - TITLE STATEMENT
Title Who needs credit?: poverty and finance in Bangladesh
Statement of responsibility, etc. edited by Geoffrey D. Wood and Iffath Sharif
260 ## - PUBLICATION, DISTRIBUTION, ETC.
Place of publication, distribution, etc. Dhaka
Name of publisher, distributor, etc. University Press
Date of publication, distribution, etc. 1997
300 ## - PHYSICAL DESCRIPTION
Extent 395p.
650 ## - SUBJECT ADDED ENTRY--TOPICAL TERM
Topical term or geographic name entry element Public finance - Bangladesh
650 ## - SUBJECT ADDED ENTRY--TOPICAL TERM
Topical term or geographic name entry element Poverty - Bangladesh - Case studies
700 ## - ADDED ENTRY--PERSONAL NAME
Personal name Sharif, Iffath
700 ## - ADDED ENTRY--PERSONAL NAME
Personal name Wood, Geoffrey D.
Holdings
Withdrawn status Lost status Damaged status Not for loan Permanent Location Current Location Date acquired Full call number Barcode Date last seen Price effective from Koha item type
        Indian Institute of Public Administration Indian Institute of Public Administration 1998-03-22 Q31x5471 W85 73018 2018-07-21 2018-07-21 Book

Powered by Koha